| 000 | 01565cam a2200289 i 4500 | ||
|---|---|---|---|
| 999 |
_c13807 _d13807 |
||
| 020 | _a9781338741087 | ||
| 050 | 0 | 0 | _aPZ7.7.P53 |
| 082 | 0 | 0 |
_aFic. P639d 2019 Bk.6 _223 |
| 100 | 1 |
_aPilkey, Dav, _d1966- |
|
| 245 | 1 | 0 |
_aDog man : _bbrawl of the wild / _cwritten and illustrated by Dav Pilkey as George Beard and Harold Hutchins ; with color by Jose Garibaldi. |
| 260 |
_aSingapore _bScholastic _cc2019 |
||
| 300 |
_a221 pages : _bcolor illustrations ; _c21.25 x 14 cm |
||
| 337 |
_aunmediated _bn |
||
| 490 | 0 |
_aDog Man ; _v6 |
|
| 504 | _aLexile level - 260 | ||
| 505 | 0 | _aFore-foreword: Dog man: behind the profundity -- Foreword; George and Harold's recap of our story thus far -- Two messages -- The sad guys -- Things get worse! -- A bunch stuff that happened next -- Dog jail blues -- Even more stuff happens! -- Girl power! -- Help is on the way -- Dog man: the major motion picture -- The great cat's bee -- March of the misfits -- Sarah Hatoff news blog -- How to draw | |
| 520 | _aIs Dog Man bad to the bone? The heroic hound is sent to the pound for a crime he didn't commit! While his pals work to prove his innocence, Dog Man struggles to find his place among dogs and people. Being a part of both worlds, will he ever fully fit in with one? | ||
| 526 | _aFICTION | ||
| 650 | 1 | _aGraphic novels. | |
| 650 | 1 | _aHumorous stories. | |
| 650 | 1 | _aDogs -- Juvenile fiction. | |
| 650 | 1 | _aCats -- Juvenile fiction. | |
| 650 | 1 | _aPolice -- Juvenile fiction. | |
| 650 | 1 | _aAdventure and adventurers. | |
| 700 | 1 | _aGaribaldi, Jose, | |
| 942 |
_2ddc _cBK |
||